00438nam a22001337a 450000500170000000800410001704000180005810000190007624501070009526000270020230000290022965000310025865000150028920250303133403.0250303b |||||||| |||| 00| 0 eng d aKMUcKMUdKMU aMwanza, Oliver aAssessment of Fish Feed Production and Distribution in Zambia: A Case Study of Lusaka/cMwanza, Oliver aChinsali;bKMU,c2015. aix, 40p.:bill.;c29 cm. aFisheries and Aquaculture. aFish Feed.